000 01836 a2200217 4500
001 42043
005 20260407155711.0
008 260407a1980 arg spa d
003 AR-UNSa-BCEJYS
040 _aAR-UNSa-BCEJYS
_bspa
_cAR-UNSa-BCEJYS
080 _a330.1
_xCiencia económica. Conceptos fundamentales de teoría económica. Valor. Capital. Fondos
245 1 0 _aTeoría económica y análisis de operaciones
264 1 _aMadrid :
_bDossat
_c1980
300 _axxi, 701 p.
_c23 cm.
505 _a1. Optimización y un ejemplo de análisis de inventarios - 2. Algo de matemáticas elementales - 3. Análisis marginal - 4. Maximalización, minimización y cálculo diferencial elemental - 5. Programación lineal - 6. Dualidad - 7. Programación no lineal - 8. Métodos Kuhn-Tucker - 9. Curvas de demanda, superficies de utilidad y mapas de indiferencia - 10. Sobre la determinación empírica de las relaciones de demanda - 11. La producción y el costo - 12. Programación lineal y la teoría de la producción - 13. Estática comparativa y optimización: consumidores y empresas - 14. Hacia lo observable: preferencia revelada y las funciones de gasto y de costo - 15. La empresa y sus objetivos - 16. Estructura del mercado, fijación de precios y producción - 17. Teoría de la utilidad de Neumann-Morgenstern - 18. Teoría de juegos - 19. Teoría de decisiones - 20. Equilibrio general y la teoría del dinero - 21. Equilibrio general y economía del bienestar - 22. Análisis de insumo-producto - 23. Análisis de actividad y equilibrio general - 24. Teoría de la distribución - 25. El capital y las decisiones de inversión - 26. El capital y la teoría de la distribución
041 _aspa
942 _cBK
590 _aniveau_biblio:m niveau_hierar:0
100 1 _aRoa, Alfredo
700 1 _aBaumol, William J.
999 _c3568
_d3568